[Event "Lliga Catalana eq. DH"]
[Site "?"]
[Date "2014.03.22"]
[Round "9.8"]
[White "Fernandez Alonso, MA."]
[Black "Codina Garcia, J."]
[Result "0-1"]
[WhiteElo "2214"]
[BlackElo "2219"]
[PlyCount "80"]
[EventDate "2014.??.??"]
[EventType "team"]
[EventCountry "ESP"]

1. d4 d5 2. Nf3 Nf6 3. c4 dxc4 4. Nc3 a6 5. a4 Bf5 6. e3 e6 7. Bxc4 c5 8. O-O
Qc7 9. d5 exd5 10. Nxd5 Nxd5 11. Bxd5 Nc6 12. e4 Bg6 13. Bd2 Bd6 14. Bc3 O-O
15. Qb3 Rab8 16. a5 Bh5 17. h3 Bxf3 18. gxf3 Ne7 19. Kg2 Ng6 20. Rh1 Qe7 21.
Rag1 Be5 22. Kf1 Qf6 23. Rg3 Nf4 24. Rhg1 g6 25. Bxe5 Qxe5 26. Bc4 Qd4 27. Rg4
Qd2 28. Qc3 Qd1+ 29. Qe1 Qxf3 30. R4g3 Qh5 31. Qc1 Ne6 32. f4 Qh6 33. Rf3 Nd4
34. Rfg3 b6 35. Rh1 bxa5 36. h4 Rb4 37. h5 Rxc4 38. Qxc4 Qxf4+ 39. Kg2 Qxe4+
40. Kh3 Qxh1+ 0-1

[Event "Lliga Catalana eq. DH"]
[Site "?"]
[Date "2014.03.22"]
[Round "9.8"]
[White "Hernando Rodrigo, JM."]
[Black "Serra Pages, J."]
[Result "1/2-1/2"]
[WhiteElo "2368"]
[BlackElo "2291"]
[PlyCount "74"]
[EventDate "2014.??.??"]
[EventType "team"]
[EventCountry "ESP"]

1. Nf3 Nf6 2. g3 g6 3. Bg2 Bg7 4. O-O O-O 5. c4 c6 6. d4 d5 7. cxd5 cxd5 8. Ne5
Ne4 9. Qb3 Nc6 10. Nxc6 bxc6 11. Nc3 Nxc3 12. Qxc3 Qb6 13. Rd1 Bg4 14. f3 Bd7
15. Be3 Rfb8 16. b3 a5 17. Bf2 c5 18. Rac1 cxd4 19. Bxd4 Bxd4+ 20. Qxd4 a4 21.
f4 axb3 22. Qxb6 Rxb6 23. axb3 Be6 24. Rc7 Kf8 25. Bxd5 Bxd5 26. Rxd5 Rxb3 27.
Kf2 Rbb8 28. Rdd7 Re8 29. g4 Rad8 30. g5 Rxd7 31. Rxd7 Kg7 32. Kf3 h6 33. h4
hxg5 34. hxg5 e6 35. Ke4 Ra8 36. Ke5 Ra4 37. e3 Ra6 1/2-1/2

[Event "Lliga Catalana eq. DH"]
[Site "?"]
[Date "2014.03.22"]
[Round "9.8"]
[White "Lopez Agustench, E."]
[Black "Martin Gonzalez, A."]
[Result "0-1"]
[WhiteElo "2317"]
[BlackElo "2464"]
[PlyCount "62"]
[EventDate "2014.??.??"]
[EventType "team"]
[EventCountry "ESP"]

1. d4 d5 2. Nf3 c5 3. c3 e6 4. Bf4 Nc6 5. e3 Nf6 6. Nbd2 Be7 7. Bd3 Qb6 8. Rb1
Nh5 9. Bg5 cxd4 10. exd4 Bxg5 11. Nxg5 Nf4 12. Qf3 e5 13. O-O f6 14. Nh3 Bxh3
15. gxh3 Nxd3 16. Qxd3 e4 17. Nxe4 dxe4 18. Qxe4+ Kf8 19. Rfe1 Qc7 20. Re3 Qd7
21. Rbe1 Kf7 22. b4 a6 23. a4 Rae8 24. Qd3 Rxe3 25. Rxe3 Ne7 26. b5 axb5 27.
axb5 Ra8 28. c4 Ng6 29. Qe4 Ra1+ 30. Kg2 f5 31. Rf3 Kg8 0-1

[Event "Lliga Catalana eq. DH"]
[Site "?"]
[Date "2014.03.22"]
[Round "9.8"]
[White "Maroto Borras, J."]
[Black "Equerro Luque, A."]
[Result "1-0"]
[WhiteElo "2199"]
[BlackElo "2201"]
[PlyCount "45"]
[EventDate "2014.??.??"]
[EventType "team"]
[EventCountry "ESP"]

1. d4 d6 2. g3 g6 3. Bg2 Bg7 4. e4 Nd7 5. Ne2 e5 6. O-O Ne7 7. f4 f5 8. fxe5
dxe5 9. exf5 Nxf5 10. g4 Nd6 11. Nbc3 Nb6 12. dxe5 Bxe5 13. Bf4 Bf6 14. Nd5
Bxb2 15. Nxc7+ Qxc7 16. Bxd6 Qc4 17. Rf4 Qa6 18. Re4+ Kf7 19. Re7+ Kf6 20. Qf1+
Bf5 21. gxf5 gxf5 22. Ng3 Qa5 23. Rae1 1-0

[Event "Lliga Catalana eq. DH"]
[Site "?"]
[Date "2014.03.22"]
[Round "9.8"]
[White "Perez Mañas, B."]
[Black "Perez Mitjans, O."]
[Result "0-1"]
[WhiteElo "2375"]
[BlackElo "2471"]
[PlyCount "88"]
[EventDate "2014.??.??"]
[EventType "team"]
[EventCountry "ESP"]

1. e4 e6 2. d4 d5 3. Nd2 Nf6 4. Bd3 Nc6 5. e5 Nd7 6. c3 Ne7 7. Ngf3 c5 8. O-O
cxd4 9. cxd4 Nc6 10. Re1 g5 11. Nb3 Be7 12. Be3 h5 13. Nfd2 a5 14. a4 Nf8 15.
f4 gxf4 16. Bxf4 Nb4 17. Bb1 Ng6 18. Be3 Bg5 19. Bxg6 fxg6 20. Bxg5 Qxg5 21.
Nf3 Qh6 22. Nc5 O-O 23. Ra3 b6 24. Nd3 Bd7 25. h4 Rac8 26. Rc3 Bxa4 27. Qc1
Qxc1 28. Rexc1 Rxc3 29. Rxc3 Nc6 30. Nf2 Kf7 31. Nh3 Ke7 32. g3 Kd7 33. Nf4 Bd1
34. Ng5 Nxd4 35. Rd3 Ne2+ 36. Kh2 Nxf4 37. gxf4 Be2 38. Rc3 d4 39. Rc2 d3 40.
Rc4 Rd8 41. Nf7 Rc8 42. Rd4+ Ke7 43. Nd6 Rc2 44. Ne4 Bf3+ 0-1

[Event "Lliga Catalana eq. DH"]
[Site "?"]
[Date "2014.03.22"]
[Round "9.9"]
[White "Colls Gelaberto, E."]
[Black "Diaz Camallonga, C."]
[Result "1/2-1/2"]
[WhiteElo "2270"]
[BlackElo "2314"]
[PlyCount "77"]
[EventDate "2014.??.??"]
[EventType "team"]
[EventCountry "ESP"]

1. Nf3 Nf6 2. c4 g6 3. Nc3 d5 4. cxd5 Nxd5 5. e4 Nxc3 6. dxc3 Qxd1+ 7. Kxd1 f6
8. Bc4 e5 9. Be3 Nd7 10. Kc2 Bc5 11. Rhe1 Bxe3 12. Rxe3 c6 13. Nd2 b5 14. Be2
Nb6 15. Nb3 Na4 16. Na5 Bd7 17. Rd1 Nb6 18. Rd6 Ke7 19. Red3 Rac8 20. Rd1 c5
21. h3 Rc7 22. b3 Rhc8 23. Kb2 c4 24. b4 Be6 25. h4 Bd7 26. R1d2 f5 27. Bf3 f4
28. Bd1 Rf8 29. Bc2 Rf6 30. Rxf6 Kxf6 31. Bd1 Ke7 32. Bc2 h6 33. Rd1 Bc6 34. a4
Be8 35. axb5 Bxb5 36. Ka3 a6 37. Rd2 Bd7 38. Rd1 Be8 39. Rd2 1/2-1/2

[Event "Lliga Catalana eq. DH"]
[Site "?"]
[Date "2014.03.22"]
[Round "9.9"]
[White "Ibañez Tarradellas, E."]
[Black "Orteu Capdevila, M."]
[Result "1-0"]
[WhiteElo "2400"]
[BlackElo "2035"]
[PlyCount "37"]
[EventDate "2014.??.??"]
[EventType "team"]
[EventCountry "ESP"]

1. d4 Nf6 2. Bg5 e6 3. e4 h6 4. Bxf6 Qxf6 5. Nc3 Bb4 6. Qd3 b6 7. e5 Qe7 8.
O-O-O Bxc3 9. Qxc3 d5 10. exd6 Qxd6 11. d5 O-O 12. Bc4 Bb7 13. dxe6 Qf4+ 14.
Kb1 Bxg2 15. Ne2 Qf3 16. Rd3 Qxd3 17. Qxd3 Bxh1 18. exf7+ Rxf7 19. Qd8+ 1-0

[Event "Lliga Catalana eq. DH"]
[Site "?"]
[Date "2014.03.22"]
[Round "9.9"]
[White "Lopez Santana, O."]
[Black "Marques Taltavull, A."]
[Result "1-0"]
[WhiteElo "2187"]
[BlackElo "2134"]
[PlyCount "91"]
[EventDate "2014.??.??"]
[EventType "team"]
[EventCountry "ESP"]

1. e4 g6 2. d4 Bg7 3. Nc3 d6 4. Be3 a6 5. Qd2 Nd7 6. O-O-O b5 7. f3 Bb7 8. g4
h6 9. h4 c5 10. dxc5 Nxc5 11. Bd4 Nf6 12. e5 Nfd7 13. exd6 e5 14. Be3 Rc8 15.
Kb1 b4 16. Nd5 Bxd5 17. Qxd5 O-O 18. g5 h5 19. Bxc5 Rxc5 20. Qb7 a5 21. Ne2 e4
22. fxe4 Ne5 23. Nc1 Ng4 24. Rd5 Rc8 25. Bh3 Rb8 26. Qa7 Ra8 27. Qg1 Ne5 28.
Qc5 Re8 29. Rf1 a4 30. Nd3 Nxd3 31. cxd3 a3 32. Qc7 b3 33. e5 axb2 34. Qxf7+
Kh8 35. axb3 Rf8 36. Qe7 Rxf1+ 37. Bxf1 Ra1+ 38. Kxb2 Qa8 39. d7 Qa2+ 40. Kc3
Rc1+ 41. Kb4 Qd2+ 42. Kb5 Rxf1 43. d8=Q+ Kh7 44. Qxg7+ Kxg7 45. Rd7+ Rf7 46.
Qf6+ 1-0

[Event "Lliga Catalana eq. DH"]
[Site "?"]
[Date "2014.03.22"]
[Round "9.9"]
[White "Onna Amargant, J."]
[Black "Grau Garsaball, J."]
[Result "1/2-1/2"]
[WhiteElo "2072"]
[BlackElo "2179"]
[PlyCount "56"]
[EventDate "2014.??.??"]
[EventType "team"]
[EventCountry "ESP"]

1. b4 Nf6 2. b5 d5 3. Bb2 Bf5 4. e3 e6 5. Nf3 Be7 6. Be2 O-O 7. O-O c5 8. bxc6
Nxc6 9. Nh4 Bg6 10. Nxg6 hxg6 11. a4 Rc8 12. Ba3 a6 13. c3 Na5 14. Bxe7 Qxe7
15. Na3 Ne4 16. Ra2 Rc7 17. Nc2 Rfc8 18. f3 Nd6 19. Qb1 Nac4 20. Rd1 Qg5 21. f4
Qf6 22. Nd4 Qe7 23. Rf1 Nf5 24. Bxc4 Rxc4 25. Nf3 Nd6 26. Qb3 Ne4 27. Rb1 R4c7
28. Ne5 Nf6 1/2-1/2

[Event "Lliga Catalana eq. DH"]
[Site "?"]
[Date "2014.03.22"]
[Round "9.9"]
[White "Soler Rionegro, A."]
[Black "Sierra, M."]
[Result "1/2-1/2"]
[WhiteElo "2079"]
[BlackElo "2209"]
[PlyCount "132"]
[EventDate "2014.??.??"]
[EventType "team"]
[EventCountry "ESP"]

1. e4 c5 2. Nf3 d6 3. Nc3 Nf6 4. Bb5+ Nc6 5. h3 Bd7 6. O-O e6 7. Re1 Be7 8. Bf1
O-O 9. d3 Nd4 10. Nxd4 cxd4 11. Ne2 Qb6 12. Rb1 Rfc8 13. c3 dxc3 14. Nxc3 Bc6
15. Be3 Qa5 16. a3 b5 17. Qd2 Qd8 18. Bd4 a5 19. Ne2 Nd7 20. Ng3 Bg5 21. f4 Bh4
22. Bf2 Rab8 23. b4 axb4 24. axb4 Ra8 25. Be2 Ra4 26. Rec1 Bxg3 27. Bxg3 Qb6+
28. Bf2 Qb7 29. Bd1 Ra6 30. Rb2 Nf6 31. Rbc2 Raa8 32. Bf3 Qd7 33. Bh4 Ne8 34.
g4 Bb7 35. Bf2 Rxc2 36. Rxc2 Rc8 37. Kg2 Rxc2 38. Qxc2 Qc6 39. Qxc6 Bxc6 40. f5
Kf8 41. Bh4 Nc7 42. f6 gxf6 43. Bxf6 Na6 44. Bc3 Ke7 45. Kf2 Nc7 46. Ke3 e5 47.
d4 f6 48. h4 Bd7 49. Kd3 Be8 50. Bd2 Bf7 51. g5 Bc4+ 52. Kc3 exd4+ 53. Kxd4
Ne6+ 54. Kc3 fxg5 55. hxg5 Nf8 56. Bg4 Ng6 57. Bf5 Kf7 58. Be3 Ke7 59. Bd4 Kf7
60. Bf6 h6 61. Kd4 hxg5 62. Bxg5 Ne5 63. Bd2 Nf3+ 64. Ke3 Nxd2 65. Kxd2 Kf6 66.
Ke3 Ke5 1/2-1/2

[Event "Lliga Catalana eq. DH"]
[Site "?"]
[Date "2014.03.22"]
[Round "9.9"]
[White "Subirachs Mancebo, G."]
[Black "Almirall Botella, J."]
[Result "0-1"]
[WhiteElo "2213"]
[BlackElo "2147"]
[PlyCount "118"]
[EventDate "2014.??.??"]
[EventType "team"]
[EventCountry "ESP"]

1. e4 c6 2. d4 d5 3. Nc3 dxe4 4. Nxe4 Bf5 5. Ng3 Bg6 6. Bc4 e6 7. N1e2 Bd6 8.
O-O Qc7 9. f4 Ne7 10. Bd3 Nd7 11. Kh1 Nf6 12. c4 Rd8 13. Qc2 Bxd3 14. Qxd3 O-O
15. Qf3 c5 16. Be3 Nf5 17. Nxf5 exf5 18. d5 Rfe8 19. Nc3 a6 20. Rae1 Re7 21.
Bf2 Rde8 22. Rxe7 Qxe7 23. Bh4 g6 24. Kg1 Kg7 25. Re1 Qd7 26. Bxf6+ Kxf6 27.
Rxe8 Qxe8 28. Kf2 b5 29. cxb5 axb5 30. Qd3 Bxf4 31. Nxb5 Be5 32. b3 Qd7 33. a4
Ke7 34. a5 Qb7 35. d6+ Kd7 36. Qc4 Bxd6 37. Qd3 Qa6 38. Qc4 Qxa5 39. Qxf7+ Be7
40. Qd5+ Kc8 41. Qc6+ Kb8 42. Qd7 Bd8 43. Qd6+ Bc7 44. Qd3 Qb6 45. Qc4 h6 46.
Nc3 Qb4 47. Qg8+ Ka7 48. Qg7 Qf4+ 49. Kg1 Qe5 50. Nb5+ Kb7 51. Qxe5 Bxe5 52. g3
Kc6 53. Na3 Kd5 54. Kf2 Kd4 55. Nc4 Bf6 56. Nd6 Kc3 57. h4 h5 58. Kf3 Kxb3 59.
Nb5 c4 0-1

[Event "Lliga Catalana eq. DH"]
[Site "?"]
[Date "2014.03.22"]
[Round "9.9"]
[White "Vallverdu Miret, O."]
[Black "Palomo Teruel, X."]
[Result "1/2-1/2"]
[WhiteElo "2193"]
[BlackElo "2171"]
[PlyCount "31"]
[EventDate "2014.??.??"]
[EventType "team"]
[EventCountry "ESP"]

1. d4 Nf6 2. Nf3 g6 3. g3 d5 4. Bg2 Bg7 5. O-O O-O 6. Bf4 c5 7. c3 cxd4 8. cxd4
Qb6 9. Qb3 Qxb3 10. axb3 Nc6 11. Nc3 Bg4 12. Be5 Bxf3 13. Bxf3 e6 14. Bxf6 Bxf6
15. e3 Rfc8 16. Rfd1 1/2-1/2

[Event "Lliga Catalana eq. DH"]
[Site "?"]
[Date "2014.03.22"]
[Round "9.10"]
[White "Benet Morant, D."]
[Black "Moreno, A."]
[Result "1-0"]
[WhiteElo "2168"]
[BlackElo "2147"]
[PlyCount "88"]
[EventDate "2014.??.??"]
[EventType "team"]
[EventCountry "ESP"]

1. d4 d5 2. c4 dxc4 3. e3 Nf6 4. Bxc4 e6 5. Nf3 c5 6. O-O Nc6 7. Nc3 a6 8. Bb3
Be7 9. a3 O-O 10. h3 b6 11. Ba2 Bb7 12. dxc5 Bxc5 13. Na4 Be7 14. b4 Qc7 15.
Bb2 Nd7 16. Rc1 b5 17. Nc3 Nb6 18. Qe2 Bf6 19. Nh2 Rfd8 20. Ng4 Be7 21. Ne4 Nd7
22. f4 h5 23. Ne5 Ndxe5 24. fxe5 g6 25. Qf2 Rf8 26. Nf6+ Kg7 27. Qg3 Rh8 28.
Rfd1 Rad8 29. Rd6 Bxf6 30. exf6+ Kh7 31. Rcd1 Rd7 32. e4 Rxd6 33. Qxd6 Qc8 34.
Qd7 Rf8 35. Bxe6 Qxd7 36. Rxd7 Nd8 37. Bd5 Bc8 38. Ra7 Kg8 39. Be5 Re8 40. Bd6
Ne6 41. Be7 Nd4 42. Ra8 Bd7 43. Rxa6 Rc8 44. Rd6 Be8 1-0

[Event "Lliga Catalana eq. DH"]
[Site "?"]
[Date "2014.03.22"]
[Round "9.10"]
[White "Castellet Menchon, D."]
[Black "Rechi Perez, F."]
[Result "1-0"]
[WhiteElo "2072"]
[BlackElo "2024"]
[PlyCount "66"]
[EventDate "2014.??.??"]
[EventType "team"]
[EventCountry "ESP"]

1. e4 e6 2. d3 c5 3. g3 Nc6 4. Bg2 d5 5. Nd2 Nf6 6. Ngf3 dxe4 7. dxe4 Be7 8.
O-O O-O 9. e5 Nd7 10. Re1 Qc7 11. Qe2 Rb8 12. c3 b5 13. Nb3 a5 14. Bf4 a4 15.
Nbd2 c4 16. Nd4 Nxd4 17. cxd4 Bb7 18. d5 Bb4 19. dxe6 fxe6 20. Bh3 Rbe8 21. Bg2
a3 22. bxa3 Bxa3 23. Bxb7 Qxb7 24. Ne4 Qc6 25. Rab1 Rb8 26. Qc2 Be7 27. h4 Bxh4
28. Nf6+ Bxf6 29. exf6 e5 30. fxg7 Kxg7 31. Bxe5+ Nxe5 32. Rxe5 b4 33. Re7+ Kg8
1-0

[Event "Lliga Catalana eq. DH"]
[Site "?"]
[Date "2014.03.22"]
[Round "9.10"]
[White "Clopes Llahi, J."]
[Black "Aoiz Linares, JJ."]
[Result "1-0"]
[WhiteElo "2113"]
[BlackElo "2134"]
[PlyCount "51"]
[EventDate "2014.??.??"]
[EventType "team"]
[EventCountry "ESP"]

1. e4 c5 2. Nf3 d6 3. d4 cxd4 4. Nxd4 Nf6 5. Nc3 a6 6. Be3 e6 7. f3 Qc7 8. Qd2
Nbd7 9. g4 h6 10. O-O-O b5 11. Qf2 b4 12. Nce2 Ne5 13. Ng3 Bb7 14. h4 Rc8 15.
Kb1 Nfxg4 16. fxg4 Nxg4 17. Qe2 Nxe3 18. Qxe3 e5 19. Rd2 exd4 20. Qxd4 Qc5 21.
Qd3 Qe5 22. Bh3 Rd8 23. Rf1 g6 24. Qb3 d5 25. Qa4+ Ke7 26. Qxb4+ 1-0

[Event "Lliga Catalana eq. DH"]
[Site "?"]
[Date "2014.03.22"]
[Round "9.10"]
[White "Cortes Ruiz, X."]
[Black "Arias Boo, G."]
[Result "0-1"]
[WhiteElo "1964"]
[BlackElo "2392"]
[PlyCount "51"]
[EventDate "2014.??.??"]
[EventType "team"]
[EventCountry "ESP"]

1. e4 e5 2. Nf3 Nc6 3. Bc4 Bc5 4. O-O Nf6 5. d3 d6 6. h3 O-O 7. Be3 Bb6 8. Nc3
Be6 9. Bxe6 fxe6 10. Bxb6 axb6 11. Ng5 Nd4 12. Ne2 Nxe2+ 13. Qxe2 Qe8 14. d4
exd4 15. Qc4 d5 16. exd5 exd5 17. Qxc7 Qg6 18. Ne6 Rf7 19. Qxb6 Nh5 20. Rae1
Nf4 21. g3 Nxh3+ 22. Kh2 Ng5 23. f4 Ne4 24. Rxe4 Qxe4 25. Nxd4 Rf6 26. Qxb7 0-1

[Event "Lliga Catalana eq. DH"]
[Site "?"]
[Date "2014.03.22"]
[Round "9.10"]
[White "Jareño Badenas, A."]
[Black "Casanellas Ruano, L."]
[Result "0-1"]
[WhiteElo "2212"]
[BlackElo "2254"]
[PlyCount "79"]
[EventDate "2014.??.??"]
[EventType "team"]
[EventCountry "ESP"]

1. e4 c6 2. d4 d5 3. Nc3 dxe4 4. Nxe4 Bf5 5. Ng3 Bg6 6. h4 h6 7. Nh3 Nf6 8. Nf4
Bh7 9. Bc4 e6 10. c3 Bd6 11. Nfh5 O-O 12. Bg5 Nbd7 13. Nxf6+ Nxf6 14. Bd3 Be7
15. Bxh7+ Nxh7 16. Bxe7 Qxe7 17. Qc2 Rfd8 18. O-O-O c5 19. dxc5 Qxc5 20. Ne4
Qa5 21. Kb1 Rxd1+ 22. Rxd1 Rd8 23. Rd2 f5 24. Nd6 Qc7 25. Nb5 Qb6 26. Rxd8+
Qxd8 27. Nd4 Qxh4 28. Qe2 Ng5 29. Nxe6 Qh1+ 30. Kc2 Qxg2 31. Nxg5 Qxg5 32. Qe8+
Kh7 33. Qb8 Qg2 34. Qxa7 h5 35. Qc5 h4 36. Kb3 Qf3 37. Qd4 Qe4 38. Qd1 b5 39.
Qh5+ Kg8 40. f3 0-1

[Event "Lliga Catalana eq. DH"]
[Site "?"]
[Date "2014.03.22"]
[Round "9.10"]
[White "Jose Abril, R."]
[Black "Garcia Jimenez, FJ."]
[Result "0-1"]
[WhiteElo "2397"]
[BlackElo "2362"]
[PlyCount "66"]
[EventDate "2014.??.??"]
[EventType "team"]
[EventCountry "ESP"]

1. Nf3 c5 2. e4 Nc6 3. Bb5 g6 4. Bxc6 bxc6 5. O-O Bg7 6. Re1 Nf6 7. Nc3 O-O 8.
d3 d6 9. e5 Nd5 10. Ne4 h6 11. c4 Nc7 12. Bf4 Ne6 13. Bg3 d5 14. Nc3 Nd4 15. h3
Be6 16. b3 Qa5 17. Nxd4 cxd4 18. cxd5 cxd5 19. Ne2 Qb6 20. Qd2 Bf5 21. Red1 f6
22. exf6 Qxf6 23. Qa5 e6 24. Rac1 h5 25. f3 Bh6 26. Bf4 g5 27. Bd6 g4 28. f4
gxh3 29. Bxf8 Rxf8 30. Qxa7 Qg6 31. g3 Bxd3 32. Rxd3 Qxd3 33. Re1 Qe3+ 0-1

[Event "Lliga Catalana eq. DH"]
[Site "?"]
[Date "2014.03.22"]
[Round "9.10"]
[White "Mendoza Barbera, P."]
[Black "Lopez Forn, M."]
[Result "1-0"]
[WhiteElo "2035"]
[BlackElo "2176"]
[PlyCount "67"]
[EventDate "2014.??.??"]
[EventType "team"]
[EventCountry "ESP"]

1. e4 c5 2. Nc3 e6 3. f4 a6 4. Nf3 Nc6 5. d4 cxd4 6. Nxd4 Qc7 7. Nxc6 dxc6 8.
Be3 Nf6 9. Be2 Bd7 10. Bf3 Bb4 11. O-O O-O 12. Qe1 Qa5 13. Qf2 Qc7 14. Rad1 Be7
15. Kh1 Rae8 16. g4 Kh8 17. g5 Ng8 18. Bb6 Qc8 19. Qd4 Rd8 20. Bxd8 Rxd8 21. e5
c5 22. Qe3 Bc6 23. Rxd8 Bxd8 24. Rd1 Bb6 25. Bxc6 Qxc6+ 26. Qe4 Qc8 27. Qa4 c4
28. Ne4 h6 29. h4 Be3 30. Qd7 Qa8 31. Qd8 Qa7 32. Qe8 Bb6 33. Qxf7 Bc5 34. Rd8
1-0

[Event "Lliga Catalana eq. DH"]
[Site "?"]
[Date "2014.03.22"]
[Round "9.10"]
[White "Ortiz de la Tierro Olivella, A."]
[Black "Gil Gil, A."]
[Result "1-0"]
[WhiteElo "2148"]
[BlackElo "2022"]
[PlyCount "43"]
[EventDate "2014.??.??"]
[EventType "team"]
[EventCountry "ESP"]

1. e4 e5 2. Nf3 Nc6 3. Bb5 a6 4. Ba4 Bc5 5. O-O d6 6. c3 Bg4 7. h3 Bh5 8. Re1
b5 9. Bb3 g5 10. d4 exd4 11. g4 Bg6 12. Bd5 Qd7 13. e5 Nge7 14. e6 fxe6 15.
Bxe6 Qd8 16. Bd5 Qd7 17. Bxg5 Kf8 18. Bxe7+ Nxe7 19. Bxa8 c6 20. Ng5 dxc3 21.
Qf3+ Ke8 22. Bxc6 1-0

[Event "Lliga Catalana eq. DH"]
[Site "?"]
[Date "2014.03.29"]
[Round "10"]
[White "Beltran Rueda, S."]
[Black "Jerez Perez, A."]
[Result "1-0"]
[WhiteElo "2455"]
[BlackElo "2444"]
[PlyCount "147"]
[EventDate "2014.??.??"]
[EventType "team"]
[EventCountry "ESP"]

1. Nf3 Nf6 2. c4 g6 3. Nc3 d5 4. cxd5 Nxd5 5. Qa4+ Bd7 6. Qh4 Nxc3 7. dxc3 Nc6
8. e4 e5 9. Bg5 Be7 10. Bc4 h6 11. Bxe7 Qxe7 12. Qg3 O-O-O 13. O-O g5 14. Bd5
f6 15. Rfd1 Nb8 16. Ne1 c6 17. Bc4 Be6 18. Bxe6+ Qxe6 19. Nd3 b6 20. Qf3 Rd7
21. b3 Rhd8 22. h3 h5 23. Nb2 h4 24. Nc4 Na6 25. Rxd7 Rxd7 26. Rd1 Nc5 27. Rxd7
Kxd7 28. Ne3 Nb7 29. Ng4 Ke7 30. Qd3 Nd6 31. Ne3 Qg8 32. c4 Qe6 33. b4 Ke8 34.
a4 Qd7 35. c5 bxc5 36. bxc5 Nc8 37. Qb3 Ne7 38. Ng4 Qd2 39. Nxf6+ Kf8 40. Qf3
Qc1+ 41. Kh2 Kg7 42. Nh5+ Kg6 43. g4 hxg3+ 44. Nxg3 Qxc5 45. Kg2 Qc4 46. Qh5+
Kf6 47. Qh6+ Kf7 48. Qxg5 Ng6 49. h4 Nf4+ 50. Kf3 Qd3+ 51. Kg4 Qd1+ 52. f3 Qd6
53. Qg7+ Kxg7 54. Nf5+ Kf6 55. Nxd6 c5 56. Nc4 Nd3 57. h5 Nf2+ 58. Kg3 Nd3 59.
Kh4 Ne1 60. Kg4 Nd3 61. h6 Kg6 62. h7 Kxh7 63. Kf5 Kh6 64. Nxe5 Nb2 65. a5 c4
66. Nc6 c3 67. Nb4 Nc4 68. a6 Kg7 69. Nc2 Kf7 70. e5 Nd2 71. f4 Ke7 72. Nb4 Kf7
73. e6+ Ke7 74. Nd5+ 1-0

[Event "Lliga Catalana eq. DH"]
[Site "?"]
[Date "2014.03.29"]
[Round "10"]
[White "Codina Garcia, J."]
[Black "Prat Llables, J."]
[Result "1/2-1/2"]
[WhiteElo "2219"]
[BlackElo "2284"]
[PlyCount "51"]
[EventDate "2014.??.??"]
[EventType "team"]
[EventCountry "ESP"]

1. d4 Nf6 2. Nf3 g6 3. c4 Bg7 4. Nc3 d6 5. e4 O-O 6. Be2 Na6 7. O-O e5 8. d5
Nc5 9. Qc2 a5 10. Ne1 Nfd7 11. Bd2 f5 12. f3 f4 13. Nd3 Nxd3 14. Bxd3 h5 15.
Be1 g5 16. Kf2 c6 17. Ke2 Qc7 18. Bf2 Rf6 19. h3 Bf8 20. Kd2 Rg6 21. Rg1 Nf6
22. Be2 g4 23. hxg4 hxg4 24. Na4 c5 25. Raf1 Bd7 26. Nc3 1/2-1/2

[Event "Lliga Catalana eq. DH"]
[Site "?"]
[Date "2014.03.29"]
[Round "10"]
[White "De la Riva Aguado, J."]
[Black "Maroto Borras, J."]
[Result "1-0"]
[WhiteElo "2325"]
[BlackElo "2199"]
[PlyCount "143"]
[EventDate "2014.??.??"]
[EventType "team"]
[EventCountry "ESP"]

1. e4 e6 2. d4 d5 3. Nd2 dxe4 4. Nxe4 Nd7 5. Bd3 Ngf6 6. Qe2 b6 7. Nf3 Bb7 8.
Nxf6+ Nxf6 9. Bg5 Be7 10. O-O-O O-O 11. h4 Qd5 12. Kb1 Rfd8 13. Ne5 c5 14. dxc5
Qxc5 15. Rhe1 Bd5 16. c4 Bxg2 17. h5 Bh3 18. Bc2 Bg4 19. f3 Bxh5 20. Rxd8+ Rxd8
21. Qh2 Bg6 22. Nxg6 hxg6 23. Qh4 Rd4 24. f4 Kf8 25. Ba4 Nh5 26. Qh1 Bxg5 27.
fxg5 Rd8 28. Qb7 Qe7 29. Qg2 Kg8 30. Bc2 Qc7 31. Qe2 Qd6 32. Rd1 Qe7 33. Rg1
Rd4 34. b3 Qd8 35. Qe5 Qd6 36. Qe3 Rd2 37. Qf3 Qd7 38. Qa8+ Qd8 39. Qxa7 Nf4
40. Rf1 Rxc2 41. Kxc2 Qd3+ 42. Kb2 Qxf1 43. Qxb6 Qe2+ 44. Kc3 Qe5+ 45. Kb4 Nd3+
46. Ka4 Qxg5 47. b4 Qd2 48. a3 Nb2+ 49. Kb3 g5 50. c5 Nd1 51. c6 Qd5+ 52. Kc2
Ne3+ 53. Qxe3 Qxc6+ 54. Kb3 g4 55. Qg5 Qd5+ 56. Qxd5 exd5 57. b5 g3 58. b6 g2
59. b7 g1=Q 60. b8=Q+ Kh7 61. Qf4 Qb1+ 62. Kc3 Qa1+ 63. Kb4 Qb2+ 64. Ka4 Qc2+
65. Kb4 Qg6 66. Kc5 Qc2+ 67. Kxd5 Qb3+ 68. Ke4 Qa4+ 69. Ke5 f6+ 70. Kf5 Qxa3
71. Qh4+ Kg8 72. Qc4+ {(temps)} 1-0

[Event "Lliga Catalana eq. DH"]
[Site "?"]
[Date "2014.03.29"]
[Round "10"]
[White "Draghici Flutor, G."]
[Black "Llaneza Vega, P."]
[Result "0-1"]
[WhiteElo "2209"]
[BlackElo "2306"]
[PlyCount "132"]
[EventDate "2014.??.??"]
[EventType "team"]
[EventCountry "ESP"]

1. e4 c5 2. Nf3 Nc6 3. Bb5 g6 4. c3 Nf6 5. e5 Nd5 6. O-O Bg7 7. d4 cxd4 8. cxd4
O-O 9. Qb3 Nc7 10. a4 d6 11. Bxc6 bxc6 12. Nc3 Bg4 13. exd6 Qxd6 14. Ne5 Be6
15. Qa3 c5 16. Nf3 cxd4 17. Qxd6 exd6 18. Ne4 d5 19. Nc5 Bg4 20. Ra3 Ne6 21.
Nd7 Rfc8 22. Nfe5 Be2 23. Re1 Rc2 24. h4 h6 25. Rg3 Rac8 26. Kh2 d3 27. Bxh6
Bxh6 28. Nxg6 fxg6 29. Rxg6+ Ng7 30. Rxh6 Rc1 31. Nf6+ Kf7 32. Rxc1 Rxc1 33.
Nxd5 Rc5 34. Rf6+ Kg8 35. Ne7+ Kh7 36. Rd6 Nf5 37. Nxf5 Rxf5 38. f3 Rf4 39. Kg3
Rxa4 40. Kf2 Rxh4 41. Rd7+ Kg6 42. Rxa7 Rb4 43. Ra6+ Kf7 44. Ra7+ Ke6 45. Ke3
Rxb2 46. Ra6+ Kd5 47. Ra5+ Kc4 48. Ra4+ Kb3 49. Ra8 Kc2 50. Rc8+ Kd1 51. Ra8
Rb6 52. Ra1+ Kc2 53. Ra2+ Kb3 54. Ra8 Bf1 55. Ra1 Re6+ 56. Kf2 Bxg2 57. Kxg2 d2
58. Kf2 Kb2 59. Rh1 Kc2 60. f4 d1=Q 61. Rxd1 Kxd1 62. Kf3 Rf6 63. Ke4 Ke2 64.
Ke5 Rf8 65. f5 Kf3 66. f6 Kg4 0-1

[Event "Lliga Catalana eq. DH"]
[Site "?"]
[Date "2014.03.29"]
[Round "10"]
[White "Escobar Torres, A."]
[Black "Ryan, J."]
[Result "0-1"]
[WhiteElo "2232"]
[BlackElo "2352"]
[PlyCount "42"]
[EventDate "2014.??.??"]
[EventType "team"]
[EventCountry "ESP"]

1. d4 g6 2. e4 Bg7 3. Nc3 c6 4. Be3 d5 5. Qd2 dxe4 6. Nxe4 Nd7 7. Bc4 Ngf6 8.
Nxf6+ Nxf6 9. O-O-O O-O 10. f3 b5 11. Bb3 a5 12. a3 a4 13. Ba2 Nd5 14. Bh6 Bxh6
15. Qxh6 b4 16. Bc4 bxa3 17. bxa3 Qd6 18. Rd3 Bf5 19. Qd2 Bxd3 20. Qxd3 Qf4+
21. Qd2 Qe3 0-1

[Event "Lliga Catalana eq. DH"]
[Site "?"]
[Date "2014.05.29"]
[Round "10"]
[White "Fernandez Alonso, MA."]
[Black "Rechi Perez, F."]
[Result "0-1"]
[WhiteElo "2214"]
[BlackElo "2024"]
[PlyCount "92"]
[EventDate "2014.??.??"]
[EventType "team"]
[EventCountry "ESP"]

1. d4 f5 2. Nf3 Nf6 3. c4 g6 4. Nc3 Bg7 5. Bg5 d6 6. Qb3 a5 7. e3 Na6 8. Be2 h6
9. Bh4 O-O 10. Bg3 c5 11. d5 Rb8 12. h4 Bd7 13. O-O Qe8 14. a4 Nb4 15. Nb5 Rc8
16. Rad1 Ne4 17. Bh2 Bxb5 18. cxb5 Qf7 19. Nd2 Nxd2 20. Rxd2 Qf6 21. Bg3 b6 22.
Qc4 Rce8 23. Rfd1 Qf7 24. f3 Bf6 25. Bf2 Qg7 26. Qb3 g5 27. hxg5 hxg5 28. Bg3
Qh6 29. Qc4 f4 30. exf4 Bd4+ 31. Rxd4 cxd4 32. Rxd4 Rc8 33. Qb3 Rc1+ 34. Bf1
gxf4 35. Bf2 Rfc8 36. Rd1 Qg6 37. Rd4 Qb1 38. Rxf4 Rxf1+ 39. Kh2 Rxf2 40. Rg4+
Kf8 41. Qe3 Qh7+ 42. Kg1 Rxb2 43. Rf4+ Ke8 44. Re4 Nxd5 45. Qg5 Rcc2 46. Rh4
Rxg2+ 0-1